Marketingová štúdia implementácie inovácií environmentálneho systému diplomová práca

Gespeichert in:
Bibliographische Detailangaben
1. Verfasser: Kolek, Maroš
Körperschaft: Obchodná fakulta EU. Katedra marketingu
Weitere Verfasser: Rehák, Róbert, 1984-
Format: Buch
Sprache:Slowakisch
Veröffentlicht: Bratislava 2014
Tags: Tag hinzufügen
Keine Tags, Fügen Sie das erste Tag hinzu!

MARC

LEADER 00000nbm a2200000 4500
001 0185938
005 20170201094022.0
041 0 |a slo 
044 |a SK 
245 1 0 |a Marketingová štúdia implementácie inovácií environmentálneho systému  |b diplomová práca  |c Maroš Kolek ; školiteľ: Róbert Rehák 
264 1 |a Bratislava  |c 2014 
300 |a 78 s. 
100 1 |a Kolek, Maroš 
700 1 |a Rehák, Róbert, 1984- 
710 2 |a Obchodná fakulta EU. Katedra marketingu